000 00517nam a2200217Ia 4500
008 210210b1957 xxu||||| |||| 00| 0 eng d
041 _aeng
082 _a824/52
100 _aBULLOUGH (G) Ed
245 _aNarrative and dramatic sources of Shakespeare I
260 _aLondon
_bRoutledg & Kegan Paul
_c1957
650 _asources
650 _aShakespeare
650 _aof
650 _aNarrative
650 _aI
650 _adramatic
650 _aand
690 _aEnglish Criticism
906 _a014006
999 _c133084
_d133084